Attack of the Undead-6 (Record no. 12338)

MARC details
000 -LEADER
fixed length control field 00256nam a22000977a 4500
008 - FIXED-LENGTH DATA ELEMENTS--GENERAL INFORMATION
fixed length control field 230706b |||||||| |||| 00| 0 eng d
020 ## - INTERNATIONAL STANDARD BOOK NUMBER
International Standard Book Number 9781612622552
100 ## - MAIN ENTRY--PERSONAL NAME
Personal name Isayama Hajime
9 (RLIN) 7688
245 ## - TITLE STATEMENT
Title Attack of the Undead-6
260 ## - PUBLICATION, DISTRIBUTION, ETC. (IMPRINT)
Place of publication, distribution, etc. Tokyo
Name of publisher, distributor, etc. kodansha Ltd
Date of publication, distribution, etc. 2010
Holdings
Withdrawn status Lost status Source of classification or shelving scheme Damaged status Koha normalized classification for sorting Not for loan Home library Current library Shelving location Date acquired Total Checkouts Full call number Barcode Date last seen Date last checked out Price effective from Koha item type
    Dewey Decimal Classification   ISA_741_590000000000000   Good Samaritan School Library Good Samaritan School Library FICTION 07/06/2023 15 ISA741.59 ISA17671 02/04/2026 12/15/2025 07/06/2023 BOOK

Powered by Koha